Modern Engineering for Design of Liquid-Propellant Rocket Engines / (Record no. 606809)
[ view plain ]
| 000 -LEADER | |
|---|---|
| fixed length control field | 00357nam a22001337a 4500 |
| 040 ## - CATALOGING SOURCE | |
| Transcribing agency | NUST |
| 082 ## - DEWEY DECIMAL CLASSIFICATION NUMBER | |
| Classification number | 629.475 |
| Author Mark | HUZ |
| 100 ## - MAIN ENTRY--PERSONAL NAME | |
| Personal name | Huzel, Dieter K. |
| 9 (RLIN) | 58995 |
| 245 ## - TITLE STATEMENT | |
| Title | Modern Engineering for Design of Liquid-Propellant Rocket Engines / |
| Statement of responsibility, etc. | Dieter K. Huzel |
| 260 ## - PUBLICATION, DISTRIBUTION, ETC. | |
| Place of publication, distribution, etc. | Washington : |
| Name of publisher, distributor, etc. | AIAA ; |
| Date of publication, distribution, etc. | 1992. |
| 300 ## - PHYSICAL DESCRIPTION | |
| Extent | 425p. |
| 521 ## - TARGET AUDIENCE NOTE | |
| Source | HB |
| 942 ## - ADDED ENTRY ELEMENTS (KOHA) | |
| Source of classification or shelving scheme | |
| Koha item type | Book |
| Withdrawn status | Lost status | Source of classification or shelving scheme | Damaged status | Not for loan | Permanent Location | Current Location | Shelving location | Date acquired | Total Checkouts | Full call number | Barcode | Date last seen | Price effective from | Koha item type |
|---|---|---|---|---|---|---|---|---|---|---|---|---|---|---|
| School of Mechanical & Manufacturing Engineering (SMME) | School of Mechanical & Manufacturing Engineering (SMME) | Aerospace Engineering | 11/22/2023 | 629.475 HUZ | SMME-4426 | 11/22/2023 | 11/22/2023 | Book | ||||||
| School of Mechanical & Manufacturing Engineering (SMME) | School of Mechanical & Manufacturing Engineering (SMME) | Aerospace Engineering | 11/22/2023 | 629.475 HUZ | SMME-4427 | 11/22/2023 | 11/22/2023 | Book | ||||||
| School of Mechanical & Manufacturing Engineering (SMME) | School of Mechanical & Manufacturing Engineering (SMME) | Aerospace Engineering | 11/22/2023 | 629.475 HUZ | SMME-4428 | 11/22/2023 | 11/22/2023 | Book |
